| 000 | nam a22 7a 4500 | ||
|---|---|---|---|
| 999 |
_c332086 _d332086 |
||
| 003 | NUST | ||
| 005 | 20171109122345.0 | ||
| 008 | 171109b xxu||||| |||| 00| 0 eng d | ||
| 020 | _a1843398745 | ||
| 040 | _c0 | ||
| 082 | _a628.16 EDO | ||
| 100 |
_aPellizzari,Edo D. _96265 |
||
| 245 |
_aArsenic Contribution From Dietary Sources _cEdo D.Pellizzari |
||
| 260 |
_aUK _bIWA _c2003 |
||
| 300 | _a385p. | ||
| 500 | _aP.B | ||
| 942 |
_2ddc _cBK _kIESE |
||